000 00688nam a2200241 a 4500
001 51830
003 BD-RjUL
005 20211209075722.0
008 160904s1949 nyua b 001 0 eng
035 _a(BD-RjUL)51950
040 _aDLC
_cGAT
_dEQO
_dBD-RjUL
_beng
041 _aeng
082 _a530
_223
_bBRF 1957
100 1 _aBrown, Thomas Benjamin,
_d1892-
_9155053
245 1 0 _aFoundations of modern physics. /
_cThomas Benjamin Brown
250 _a2nd ed.
260 _aNew York :
_bJ. Wiley,
_cc1949, [5th printing 1957]
300 _axvi, 391 p. :
_bill. ;
_c24 cm.
500 _aIncludes index
650 0 _aPhysics.
_9155054
942 _2ddc
_cBK
999 _c51830
_d51830